Hungarians - Sudden death - Statistics

General Stats
  • This quiz has been taken 90 times
  • The average score is 16 of 20
Answers on the Grid
Answers color-coded by a green-red scale on the quiz's grid according to % correct below.
Albert Szent-Györgyi
Alvar Aalto
Béla Bartók
Elias Lönnrot
Ernő Rubik
Ferenc Liszt
Ferenc Puskás
György Ligeti
Imre Kertész
Imre Nagy
István Széchenyi
Jean Sibelius
Judit Polgár
Károly Takács
Katalin Karikó
Kersti Kaljulaid
Lajos Kossuth
László Krasznahorkai
Lennart Meri
Martti Ahtisaari
Mika Häkkinen
Miklós Horthy
Miklós Rózsa
Ott Tänak
Pál Teleki
Paul Keres
Péter Eötvös
Sándor Petőfi
Väinö Linna
Viktor Orbán
 
Answer Stats
Answer % Correct
Albert Szent-Györgyi
89%
Béla Bartók
89%
Ernő Rubik
88%
Károly Takács
86%
László Krasznahorkai
86%
Viktor Orbán
86%
Ferenc Puskás
85%
István Széchenyi
85%
Miklós Horthy
84%
Sándor Petőfi
83%
Imre Nagy
81%
Miklós Rózsa
81%
Péter Eötvös
81%
György Ligeti
80%
Imre Kertész
79%
Judit Polgár
79%
Katalin Karikó
79%
Pál Teleki
78%
Ferenc Liszt
75%
Lajos Kossuth
75%
No matching quizzes found
Score Distribution
Percent of People with Each Score
Percentile by Number Answered
Your Score History
You have not taken this quiz